| 000 | 00722nam a2200229 a 4500 | ||
|---|---|---|---|
| 999 |
_c2103 _d2103 |
||
| 001 | 2103 | ||
| 003 | BD-JhCC | ||
| 005 | 20171031161647.0 | ||
| 008 | 171029s2008 bg |||| ||a| 000 0 ben d | ||
| 020 | _a9840747177 | ||
| 035 | _a(BD-JhCC) 2103 | ||
| 040 |
_aBD-JhCC _dBD-JhCC |
||
| 041 | _aben | ||
| 082 |
_a398.09 _bKHA 2008 |
||
| 100 | _aখান, শামসুজ্জামান | ||
| 245 |
_aবাংলাদেশের লোকঐতিহ্য / _c শামসুজ্জামান খান |
||
| 260 |
_aঢাকা : _bবাংলা একাডেমী ঢাকা , _c2008 |
||
| 300 |
_a344 p .: _c22 cm . |
||
| 650 |
_aFolk Tradition _zBangladesh |
||
| 942 |
_2ddc _cBK |
||